[Event "BL 8788 Erlangen-Solingen"]
[Site "?"]
[Date "1987.??.??"]
[Round "?.1"]
[White "Short, N."]
[Black "Unzicker, W."]
[Result "1-0"]
[WhiteElo "2620"]
[BlackElo "2465"]
[PlyCount "119"]
[EventDate "1987.??.??"]

1. e4 e5 2. Nf3 Nc6 3. Bb5 a6 4. Ba4 Nf6 5. O-O Nxe4 6. d4 b5 7. Bb3 d5 8. dxe5
Be6 9. c3 Be7 10. Nbd2 O-O 11. Qe2 Nc5 12. Nd4 Qd7 13. Bc2 f6 14. b4 Na4 15.
N2f3 Nxd4 16. Nxd4 c5 17. exf6 Rxf6 18. Nxe6 Qxe6 19. Qd3 Rg6 20. Bf4 Rf8 21.
Rae1 Qd7 22. Bg3 Rf7 23. Re5 Nb6 24. Rfe1 Bd6 25. Re8+ Rf8 26. Rxf8+ Bxf8 27.
bxc5 Bxc5 28. Re5 Bf8 29. h4 Qf7 30. Bb3 Kh8 31. Bxd5 Nxd5 32. Rxd5 Re6 33. Be5
Re8 34. h5 Kg8 35. g4 Qe6 36. Qf3 Qc6 37. Kg2 Qc4 38. g5 Qc6 39. Bf4 Bc5 40.
Rf5 Qxf3+ 41. Kxf3 Rc8 42. Rd5 Be7 43. Rd7 Rxc3+ 44. Ke4 Bf8 45. Be5 Rc6 46. f4
g6 47. h6 a5 48. Ra7 a4 49. Kd5 Rc5+ 50. Ke6 Rc6+ 51. Kd7 Rc2 52. f5 gxf5 53.
Ke6 Rg2 54. Kf6 Rc2 55. Ra6 Rc8 56. Bf4 Rc4 57. g6 hxg6 58. Bg5 Kh7 59. Ra7+
Kg8 60. h7+ 1-0

[Event "BL 8788 Erlangen-Solingen"]
[Site "?"]
[Date "1987.??.??"]
[Round "?.2"]
[White "Kuligowski, A."]
[Black "Spassky, B."]
[Result "1/2-1/2"]
[WhiteElo "2415"]
[BlackElo "2570"]
[PlyCount "105"]
[EventDate "1987.??.??"]

1. d4 Nf6 2. c4 e6 3. g3 c5 4. d5 exd5 5. cxd5 g6 6. Nc3 Bg7 7. Bg2 O-O 8. Nf3
d6 9. O-O Ne8 10. a4 Nd7 11. Bg5 f6 12. Bf4 Qe7 13. Re1 b6 14. h4 Ne5 15. Bxe5
fxe5 16. Ng5 Nc7 17. Nb5 Nxb5 18. axb5 Bd7 19. Qb3 Rfc8 20. Ra6 Bh6 21. Ne4 Bf5
22. e3 Rc7 23. Rea1 Rf8 24. R6a4 Rf7 25. Qd3 Qd8 26. b3 Bf8 27. Qe2 h6 28. Bf3
Rg7 29. Nd2 Qe8 30. Be4 Bc8 31. Kg2 Qd7 32. Rh1 Qe8 33. Ra2 h5 34. Nb1 Bg4 35.
Qd3 Bd7 36. Nc3 Bg4 37. Rha1 Qf7 38. Ra3 Qf6 39. Ra4 g5 40. hxg5 Rxg5 41. Rh1
Rf7 42. f3 Be7 43. Qf1 Qg7 44. Qe1 Bc8 45. Bd3 Qf6 46. f4 exf4 47. exf4 Bg4 48.
fxg5 Qf3+ 49. Kh2 Qxd3 50. Ne4 Qc2+ 51. Kg1 Qxb3 52. Nf6+ Bxf6 53. gxf6 1/2-1/2

[Event "BL 8788 Erlangen-Solingen"]
[Site "?"]
[Date "1987.??.??"]
[Round "?.3"]
[White "Lau, R."]
[Black "Huenerkopf, H."]
[Result "1-0"]
[WhiteElo "2555"]
[BlackElo "2255"]
[PlyCount "87"]
[EventDate "1987.??.??"]

1. e4 c5 2. Nc3 d6 3. f4 g6 4. Nf3 a6 5. d4 cxd4 6. Nxd4 Bg7 7. Nf3 Nf6 8. Bd3
Qb6 9. Qe2 O-O 10. Rb1 Nbd7 11. Be3 Qc7 12. O-O b5 13. a3 Bb7 14. Kh1 Rac8 15.
Rbe1 Nb6 16. Bc1 e5 17. fxe5 dxe5 18. Qf2 Nbd7 19. Qh4 Nh5 20. Ng5 h6 21. Nh3
Qd8 22. Qf2 Qf6 23. Qe2 Qh4 24. a4 bxa4 25. Bxa6 Bxa6 26. Qxa6 g5 27. Qd3 Ndf6
28. Nf2 Nf4 29. Qe3 Ng4 30. Nxg4 Qxg4 31. Rf2 Rc4 32. Ref1 Qc8 33. Bd2 Qb7 34.
Rb1 Rd8 35. Qe1 Bf8 36. Qf1 Rcd4 37. Be3 R4d7 38. g3 Bb4 39. gxf4 Bxc3 40. fxg5
Qxe4+ 41. Rg2 Bd2 42. gxh6+ Kh8 43. Bxd2 Rg8 44. Bc3 1-0

[Event "BL 8788 Erlangen-Solingen"]
[Site "?"]
[Date "1987.??.??"]
[Round "?.5"]
[White "Ostermeyer, P."]
[Black "Ramos, D."]
[Result "1-0"]
[WhiteElo "2450"]
[BlackElo "2310"]
[PlyCount "90"]
[EventDate "1987.??.??"]

1. e4 c5 2. c3 Nf6 3. e5 Nd5 4. d4 cxd4 5. Nf3 e6 6. cxd4 b6 7. Nc3 Nxc3 8.
bxc3 Qc7 9. Bd2 Bb7 10. Bd3 Be7 11. O-O d6 12. Re1 Nd7 13. Bg5 dxe5 14. Bxe7
Bxf3 15. Qxf3 Kxe7 16. Qg3 Kf8 17. Bb5 Rc8 18. dxe5 Nc5 19. Rad1 Qe7 20. Rd4 g6
21. h4 Kg7 22. h5 Rhd8 23. Qf4 a6 24. Bf1 b5 25. Rd6 f5 26. exf6+ Qxf6 27. Qg3
Rxd6 28. Qxd6 e5 29. h6+ Kf7 30. Qd5+ Qe6 31. Qd2 Nd7 32. Qe3 Qc6 33. Rd1 Rc7
34. g3 Qe6 35. Rd2 Nf6 36. Bg2 b4 37. cxb4 Rc1+ 38. Bf1 Ng4 39. Rd7+ Qxd7 40.
Qxc1 Qd4 41. Qc4+ Kf6 42. Qxd4 exd4 43. Bxa6 Ke5 44. Bd3 Nxh6 45. a4 Kd6 1-0

[Event "BL 8788 Erlangen-Solingen"]
[Site "?"]
[Date "1987.??.??"]
[Round "?.6"]
[White "Hartmann, W."]
[Black "Schulte, O."]
[Result "0-1"]
[WhiteElo "2300"]
[BlackElo "2425"]
[PlyCount "76"]
[EventDate "1987.??.??"]

1. e4 c5 2. Nf3 e6 3. d4 cxd4 4. Nxd4 Nf6 5. Nc3 Nc6 6. Ndb5 d6 7. Bf4 e5 8.
Bg5 a6 9. Na3 b5 10. Nd5 Qa5+ 11. Bd2 Qd8 12. Bg5 Be7 13. Bxf6 Bxf6 14. c3 Bg5
15. Nc2 Rb8 16. Be2 O-O 17. O-O a5 18. a3 Ne7 19. Nce3 Bxe3 20. Nxe3 Be6 21. b4
axb4 22. axb4 Qc7 23. Ra5 Qxc3 24. Qxd6 Nc6 25. Rxb5 Rbd8 26. Rc5 Nd4 27. Qa6
Qxb4 28. Rcc1 Rd6 29. Qd3 Nb3 30. Qb1 Qa5 31. Nc4 Bxc4 32. Bxc4 Nxc1 33. Rxc1
Rd2 34. Qb3 Rxf2 35. Rd1 Qa7 36. Kh1 g6 37. Qg3 Rf4 38. Bd5 Qd4 0-1

[Event "BL 8788 Erlangen-Solingen"]
[Site "?"]
[Date "1987.??.??"]
[Round "?.8"]
[White "Autenrieth, M."]
[Black "Borngaesser, R."]
[Result "0-1"]
[WhiteElo "2355"]
[BlackElo "2410"]
[PlyCount "80"]
[EventDate "1987.??.??"]

1. e4 e6 2. d3 d5 3. Nd2 Nf6 4. Ngf3 b6 5. c3 Bb7 6. Qc2 Nbd7 7. Be2 Bd6 8. O-O
O-O 9. Re1 c5 10. exd5 exd5 11. d4 Qc7 12. Nf1 Ne4 13. Ng3 f5 14. dxc5 bxc5 15.
c4 d4 16. Bd3 Nxg3 17. hxg3 g6 18. Bh6 Rfe8 19. Rxe8+ Rxe8 20. Re1 Rxe1+ 21.
Nxe1 Ne5 22. Qe2 Kf7 23. a3 Qc6 24. Bc2 Qc7 25. Bd2 Qe7 26. Kf1 Qf6 27. b3 h5
28. Nd3 Nxd3 29. Bxd3 h4 30. Bf4 Bxf4 31. gxf4 Qc6 32. f3 Qd6 33. Qe5 Qxe5 34.
fxe5 h3 35. gxh3 Bxf3 36. Kf2 Be4 37. Bxe4 fxe4 38. Kg3 Ke6 39. Kf4 e3 40. Kf3
a5 0-1

[Event "BL 8788 Bamberg-Bochum"]
[Site "?"]
[Date "1987.??.??"]
[Round "?.1"]
[White "Keitlinghaus, L."]
[Black "Zysk, R."]
[Result "1/2-1/2"]
[WhiteElo "2400"]
[BlackElo "2400"]
[PlyCount "84"]
[EventDate "1987.??.??"]

1. e4 e6 2. d4 d5 3. e5 c5 4. c3 Nc6 5. Nf3 Nge7 6. Bd3 cxd4 7. cxd4 Nf5 8.
Bxf5 exf5 9. Nc3 Be6 10. h4 Bb4 11. Bd2 Bxc3 12. Bxc3 O-O 13. Qd2 f6 14. Qf4
Rc8 15. O-O fxe5 16. Nxe5 Nxe5 17. Qxe5 Re8 18. Qf4 Qc7 19. Qxc7 Rxc7 20. Rfe1
Bd7 21. Rxe8+ Bxe8 22. Re1 Bc6 23. Re5 g6 24. Kh2 Kf7 25. Bb4 b6 26. Kg3 Bb5
27. Rxd5 Bc4 28. Rd8 Bxa2 29. d5 Rc4 30. Ba3 Rd4 31. Rd7+ Kf6 32. f3 f4+ 33.
Kh2 Rxd5 34. Rxa7 Bc4 35. Rxh7 Rd2 36. Bb4 Rc2 37. Bc3+ Kf5 38. Rg7 Bd5 39. Kg1
Rc1+ 40. Kh2 Rc2 41. Kh3 Rc1 42. Kh2 Rc2 1/2-1/2

[Event "BL 8788 Bamberg-Bochum"]
[Site "?"]
[Date "1987.??.??"]
[Round "?.3"]
[White "Graf, J."]
[Black "Hartmann, G."]
[Result "1-0"]
[WhiteElo "2405"]
[BlackElo "2330"]
[PlyCount "71"]
[EventDate "1987.??.??"]

1. d4 Nf6 2. c4 c5 3. d5 g6 4. Nc3 Bg7 5. e4 O-O 6. Nf3 d6 7. h3 e6 8. Bd3 exd5
9. exd5 Re8+ 10. Be3 a6 11. a4 Nh5 12. O-O Nd7 13. Qd2 Ne5 14. Nxe5 Rxe5 15.
Rfe1 Qh4 16. Ne4 Qe7 17. f4 Rxe4 18. Bxe4 Qxe4 19. Bxc5 Ng3 20. Bf2 Qxc4 21.
Re8+ Bf8 22. Bxg3 Qc5+ 23. Kh2 Qa7 24. Rc1 Bf5 25. Bf2 b6 26. Bxb6 Qb7 27. Rxa8
Qxa8 28. Be3 h5 29. Rc4 Be7 30. b4 Qb7 31. Rc6 Bd7 32. Qc3 Bd8 33. Rxd6 Be7 34.
Rb6 Qxd5 35. Rb8+ Bf8 36. Bc5 1-0

[Event "BL 8788 Bamberg-Bochum"]
[Site "?"]
[Date "1987.??.??"]
[Round "?.4"]
[White "Meister, P."]
[Black "Sonntag, H."]
[Result "0-1"]
[WhiteElo "2370"]
[BlackElo "2405"]
[PlyCount "100"]
[EventDate "1987.??.??"]

1. d4 Nf6 2. c4 e6 3. Nf3 d5 4. Nc3 Be7 5. cxd5 exd5 6. Bg5 c6 7. Qc2 O-O 8. e3
Nbd7 9. Bd3 Re8 10. O-O Nf8 11. Rab1 g6 12. b4 Ne6 13. Bxf6 Bxf6 14. Rfc1 Be7
15. b5 c5 16. dxc5 Nxc5 17. Nd4 Bf6 18. Nce2 b6 19. Nc6 Qd6 20. Ned4 Bd7 21. a4
Rec8 22. Bf1 a5 23. Qa2 Rc7 24. Rd1 Ne4 25. Qb3 Rac8 26. f3 Nc5 27. Qa2 Bg5 28.
Nc2 Bxc6 29. bxc6 Qxc6 30. Bb5 Qe6 31. Qxd5 Qxd5 32. Rxd5 Ne6 33. f4 Bxf4 34.
exf4 Rxc2 35. g3 Ra2 36. Bd7 Rcc2 37. Bxe6 fxe6 38. Rd6 Rg2+ 39. Kh1 Rxh2+ 40.
Kg1 Rhg2+ 41. Kh1 Rxg3 42. Rxe6 Rxa4 43. Rbxb6 Rxf4 44. Kh2 Rg5 45. Kh3 Rf7 46.
Re4 Kg7 47. Ra6 Rb5 48. Ra4 h5 49. R6xa5 Rxa5 50. Rxa5 Kh6 0-1

[Event "BL 8788 Bamberg-Bochum"]
[Site "?"]
[Date "1987.??.??"]
[Round "?.5"]
[White "Beckemeyer, W."]
[Black "Kurz, A."]
[Result "1/2-1/2"]
[WhiteElo "2335"]
[BlackElo "2305"]
[PlyCount "149"]
[EventDate "1987.??.??"]

1. e4 c5 2. Nf3 d6 3. d4 cxd4 4. Nxd4 Nf6 5. Nc3 g6 6. f4 Bg7 7. e5 Nh5 8. Bb5+
Bd7 9. Bxd7+ Qxd7 10. exd6 O-O 11. Nde2 Nc6 12. O-O Rad8 13. f5 Qxd6 14. Qxd6
Rxd6 15. Bg5 h6 16. Be3 g5 17. Ne4 Rdd8 18. Rad1 b6 19. c3 Ne5 20. Bd4 Nc4 21.
b3 Bxd4+ 22. Rxd4 Ne3 23. Rf3 Nc2 24. Rxd8 Rxd8 25. Rh3 Nf6 26. Nxf6+ exf6 27.
Rxh6 Ne3 28. Nd4 Nd5 29. Nc6 Rd6 30. Nxa7 Nf4 31. Nc8 Rd1+ 32. Kf2 Kg7 33. Rh3
Nxh3+ 34. gxh3 Rd2+ 35. Kg3 Rxa2 36. Nxb6 Ra3 37. Nd5 Rxb3 38. h4 Rb5 39. c4
gxh4+ 40. Kxh4 Rc5 41. Kg4 Rxc4+ 42. Nf4 Kf8 43. Kg3 Ke7 44. Nd5+ Kd6 45. Nxf6
Ke5 46. Ng4+ Ke4 47. f6 Ra4 48. Nh6 Ra7 49. Kg4 Ke5 50. Kg5 Ke6 51. Ng4 Ra5+
52. Kf4 Rf5+ 53. Ke3 Kd5 54. Kd3 Rf3+ 55. Ke2 Rf4 56. h3 Ke4 57. Nf2+ Kf5 58.
Ng4 Ra4 59. Kf3 Ra3+ 60. Kg2 Kf4 61. Nh6 Ra2+ 62. Kf1 Kf3 63. Ke1 Ra7 64. Kd2
Rd7+ 65. Kc3 Kg3 66. Kc4 Kh4 67. Kc5 Kg5 68. Kc6 Ra7 69. Kb6 Ra3 70. Nxf7+ Kxf6
71. Nd6 Rxh3 72. Kc5 Rh4 73. Kd5 Rh5+ 74. Kc6 Ke6 75. Ne4 1/2-1/2

[Event "BL 8788 Bamberg-Bochum"]
[Site "?"]
[Date "1987.??.??"]
[Round "?.6"]
[White "Ruehrig, V."]
[Black "Boesken, C."]
[Result "0-1"]
[WhiteElo "2360"]
[BlackElo "2250"]
[PlyCount "96"]
[EventDate "1987.??.??"]

1. c4 Nf6 2. Nc3 e5 3. Nf3 Nc6 4. g3 Bb4 5. Bg2 O-O 6. O-O e4 7. Ng5 Bxc3 8.
bxc3 Re8 9. f3 exf3 10. Nxf3 d5 11. cxd5 Qxd5 12. Nd4 Qh5 13. Nxc6 bxc6 14. e3
Bg4 15. Bf3 Rad8 16. Rb1 Bxf3 17. Qxf3 Qxf3 18. Rxf3 Rb8 19. Rb3 Rxb3 20. axb3
c5 21. Rf5 Rb8 22. Rxc5 Rxb3 23. Rxc7 h5 24. Kf2 Rb1 25. Ba3 Ne4+ 26. Ke2 Ra1
27. Bb4 Ra2 28. c4 Rb2 29. Ba5 Ra2 30. Bb4 Rb2 31. Re7 f5 32. Ba5 Ra2 33. Re5
g6 34. Kd3 Kf7 35. Bc3 Nf2+ 36. Kd4 Ng4 37. Ra5 Rxa5 38. Bxa5 Nxh2 39. Kd5 Nf1
40. Kc6 Nxg3 41. d4 h4 42. Bc7 g5 43. d5 f4 44. exf4 h3 45. d6 h2 46. d7 h1=Q+
47. Kc5 Ne4+ 48. Kb5 Nd6+ 0-1

[Event "BL 8788 Bamberg-Bochum"]
[Site "?"]
[Date "1987.??.??"]
[Round "?.8"]
[White "Niedermaier, H."]
[Black "Ueter, H."]
[Result "0-1"]
[WhiteElo "2230"]
[BlackElo "2230"]
[PlyCount "88"]
[EventDate "1987.??.??"]

1. e4 c5 2. Nf3 d6 3. d4 cxd4 4. Nxd4 Nf6 5. Nc3 Nc6 6. Bg5 e6 7. Qd2 a6 8.
O-O-O Bd7 9. f4 b5 10. Bxb5 axb5 11. Ndxb5 Nb4 12. a3 Na2+ 13. Nxa2 Bxb5 14.
Nc3 Bc6 15. e5 dxe5 16. Qxd8+ Rxd8 17. Rxd8+ Kxd8 18. fxe5 h6 19. Bh4 g5 20.
Rd1+ Nd7 21. Bf2 Bg7 22. b4 Bxe5 23. b5 Bxg2 24. Na4 Kc7 25. c4 Bf3 26. Rd3 Be2
27. Rxd7+ Kxd7 28. Kd2 Bf1 29. Nb6+ Kc7 30. a4 Rd8+ 31. Kc2 Bd4 32. Bxd4 Rxd4
33. c5 h5 34. Kc3 Rd3+ 35. Kb4 Rd1 36. Ka5 Rc1 37. c6 Bg2 38. Ka6 Bxc6 39. bxc6
Rxc6 40. a5 g4 41. Ka7 h4 42. Na8+ Kd6 43. Kb7 g3 44. hxg3 h3 0-1

[Event "BL 8788 Bochum-Erlangen"]
[Site "?"]
[Date "1987.??.??"]
[Round "?.1"]
[White "Unzicker, W."]
[Black "Keitlinghaus, L."]
[Result "1/2-1/2"]
[WhiteElo "2465"]
[BlackElo "2400"]
[PlyCount "30"]
[EventDate "1987.??.??"]

1. d4 e6 2. Nf3 f5 3. g3 Nf6 4. Bg2 d5 5. O-O Bd6 6. c4 c6 7. b3 Qe7 8. Bb2 b6
9. Qc1 Bb7 10. Ba3 Bxa3 11. Nxa3 Nbd7 12. Nc2 dxc4 13. bxc4 c5 14. e3 O-O 15.
a4 Be4 1/2-1/2

[Event "BL 8788 Bochum-Erlangen"]
[Site "?"]
[Date "1987.??.??"]
[Round "?.2"]
[White "Thesing, M."]
[Black "Kuligowski, A."]
[Result "1/2-1/2"]
[WhiteElo "2355"]
[BlackElo "2415"]
[PlyCount "125"]
[EventDate "1987.??.??"]

1. e4 c5 2. Nc3 a6 3. g3 b5 4. Bg2 Bb7 5. Nge2 e6 6. O-O Nf6 7. d4 b4 8. Na4
Bxe4 9. dxc5 Bxg2 10. Kxg2 Qc8 11. Nb6 Qc6+ 12. Kg1 Ra7 13. Nd4 Qxc5 14. Be3
Qc7 15. c3 Be7 16. cxb4 Qxb6 17. Nxe6 Qxe6 18. Bxa7 Nc6 19. Re1 Qh3 20. Bc5 Ng4
21. Qf3 Qxh2+ 22. Kf1 Qh3+ 23. Kg1 Nge5 24. Qd5 Qe6 25. Qg2 d6 26. Bb6 g5 27.
a4 g4 28. b5 axb5 29. axb5 Nd8 30. Bd4 O-O 31. Bxe5 dxe5 32. Ra6 Qc4 33. Qe4
Qxe4 34. Rxe4 Ne6 35. Rxg4+ Kh8 36. Rga4 Nc5 37. Rc4 Nxa6 38. bxa6 Re8 39. Rc7
Bf8 40. Rxf7 Kg8 41. Rf5 Bg7 42. f4 e4 43. Ra5 Bxb2 44. Ra4 e3 45. Kf1 Ra8 46.
Ke2 Bc1 47. Ra1 Bd2 48. g4 Kg7 49. Ra4 h6 50. Ra1 Kg6 51. Kf3 Kf6 52. Ra4 Ke6
53. Ke2 Kd5 54. Kd3 Kc5 55. Ra1 Kd5 56. Rh1 Rxa6 57. Rh5+ Kc6 58. Rxh6+ Kb5 59.
Rxa6 Kxa6 60. g5 Bc1 61. g6 Bb2 62. Kxe3 Kb6 63. Kf3 1/2-1/2

[Event "BL 8788 Bochum-Erlangen"]
[Site "?"]
[Date "1987.??.??"]
[Round "?.3"]
[White "Huenerkopf, H."]
[Black "Graf, J."]
[Result "1/2-1/2"]
[WhiteElo "2255"]
[BlackElo "2405"]
[PlyCount "100"]
[EventDate "1987.??.??"]

1. e4 Nf6 2. e5 Nd5 3. c4 Nb6 4. c5 Nd5 5. d4 b6 6. cxb6 axb6 7. Bc4 e6 8. Ne2
Ba6 9. Bxd5 exd5 10. Nbc3 c6 11. O-O Be7 12. Re1 Bxe2 13. Nxe2 Na6 14. Ng3 Nc7
15. f4 g6 16. f5 Bg5 17. Qg4 Bxc1 18. Raxc1 Qe7 19. Qf4 O-O-O 20. Re3 Kb7 21.
Ra3 Ra8 22. Rxa8 Rxa8 23. a3 Ra4 24. Qe3 Qh4 25. Rd1 Qg4 26. Rd2 gxf5 27. Rf2
Rxd4 28. h3 Qd1+ 29. Kh2 f4 30. Rxf4 Rd3 31. Qf2 Rd2 32. Qf3 Qxf3 33. Rxf3 Ne6
34. Rxf7 Kc8 35. Rxh7 Nf4 36. Nh5 Rxg2+ 37. Kh1 Rf2 38. Nf6 d4 39. Rxd7 d3 40.
e6 Nxe6 41. Ng4 Rf3 42. Rd6 Nf4 43. Ne5 Rxh3+ 44. Kg1 Re3 45. Nc4 Re2 46. Rxc6+
Kd7 47. Rd6+ Kc7 48. Rd4 Ne6 49. Rxd3 b5 50. Nd6 Rxb2 1/2-1/2

[Event "BL 8788 Bochum-Erlangen"]
[Site "?"]
[Date "1987.??.??"]
[Round "?.5"]
[White "Ramos, D."]
[Black "Beckemeyer, W."]
[Result "1/2-1/2"]
[WhiteElo "2310"]
[BlackElo "2335"]
[PlyCount "31"]
[EventDate "1987.??.??"]

1. d4 Nf6 2. Nf3 g6 3. Bf4 Bg7 4. Nbd2 c5 5. dxc5 Na6 6. Be3 Ng4 7. Bd4 Bxd4 8.
Nxd4 Nxc5 9. e4 d6 10. Bb5+ Kf8 11. O-O Kg7 12. b4 Ne6 13. Nf5+ gxf5 14. exf5
Nf6 15. fxe6 Bxe6 16. Bd3 1/2-1/2

[Event "BL 8788 Bochum-Erlangen"]
[Site "?"]
[Date "1987.??.??"]
[Round "?.6"]
[White "Boesken, C."]
[Black "Hartmann, W."]
[Result "1-0"]
[WhiteElo "2250"]
[BlackElo "2300"]
[PlyCount "113"]
[EventDate "1987.??.??"]

1. e4 c5 2. Nf3 d6 3. d4 cxd4 4. Nxd4 Nf6 5. Nc3 Nc6 6. Be2 e6 7. O-O Be7 8.
Be3 O-O 9. Kh1 e5 10. Nb3 a5 11. a4 Nb4 12. f4 Bd7 13. Bf3 Qb8 14. Rf2 b6 15.
Rd2 Bc6 16. Qg1 Qb7 17. fxe5 dxe5 18. Bxb6 Rfb8 19. Bc5 Nxc2 20. Rxc2 Qxb3 21.
Rd2 Qb7 22. Rad1 Bxc5 23. Qxc5 Nxe4 24. Nxe4 Bxe4 25. Rd7 Bxf3 26. Rxb7 Bxb7
27. Qxe5 h6 28. h3 Bc6 29. Rd3 Re8 30. Qd4 Be4 31. Rg3 Bg6 32. b3 Re1+ 33. Kh2
Rae8 34. Qc3 R1e5 35. Rg4 Kh7 36. Qd2 Re3 37. Qxa5 Rxb3 38. Qd2 Rd3 39. Qb4 Re2
40. a5 h5 41. Rf4 Rdd2 42. Qb7 Be4 43. Rxe4 Rxg2+ 44. Kh1 Rh2+ 45. Kg1 Rhg2+
46. Kf1 Rh2 47. Re1 Rxh3 48. Qe4+ g6 49. Re2 Rd1+ 50. Kg2 Ra3 51. Qf4 Rxa5 52.
Qxf7+ Kh6 53. Qf8+ Kg5 54. Kh2 Rf5 55. Rg2+ Kf4 56. Qb4+ Ke5 57. Re2+ 1-0

[Event "BL 8788 Solingen-Bamberg"]
[Site "?"]
[Date "1987.??.??"]
[Round "?.1"]
[White "Zysk, R."]
[Black "Short, N."]
[Result "1-0"]
[WhiteElo "2400"]
[BlackElo "2620"]
[PlyCount "55"]
[EventDate "1987.??.??"]

1. d4 Nf6 2. Nf3 c5 3. d5 g6 4. Nc3 Bg7 5. e4 d6 6. Be2 O-O 7. O-O Na6 8. Bf4
Nc7 9. a4 b6 10. Re1 Re8 11. h3 Bb7 12. Bc4 a6 13. Qd2 Nd7 14. Rad1 Ne5 15.
Bxe5 dxe5 16. d6 exd6 17. Ng5 d5 18. exd5 h6 19. Nge4 Rb8 20. Ba2 Ba8 21. d6
Ne6 22. Nd5 Kh8 23. Ne7 Rb7 24. Bxe6 fxe6 25. Nxg6+ Kh7 26. Ne7 c4 27. Qe2 b5
28. Ng5+ 1-0

[Event "BL 8788 Solingen-Bamberg"]
[Site "?"]
[Date "1987.??.??"]
[Round "?.3"]
[White "Hartmann, G."]
[Black "Lau, R."]
[Result "0-1"]
[WhiteElo "2330"]
[BlackElo "2555"]
[PlyCount "60"]
[EventDate "1987.??.??"]

1. e4 c5 2. Nf3 d6 3. d4 cxd4 4. Nxd4 Nf6 5. Nc3 a6 6. Bc4 e6 7. Bb3 b5 8. O-O
Be7 9. f4 Bb7 10. Be3 Nc6 11. f5 b4 12. Ba4 Qc8 13. fxe6 bxc3 14. Nf5 Kf8 15.
Nxd6 Qxe6 16. Nxb7 Qxe4 17. Rxf6 Bxf6 18. Bc5+ Kg8 19. Bb3 cxb2 20. Rb1 Bd4+
21. Kh1 Bxc5 22. Nxc5 Qe7 23. Qd5 Re8 24. Nd3 Nb4 25. Qa5 Nxd3 26. cxd3 h5 27.
h3 Rh6 28. Rxb2 Rf6 29. Qxh5 Qe1+ 30. Kh2 Rf1 0-1

[Event "BL 8788 Solingen-Bamberg"]
[Site "?"]
[Date "1987.??.??"]
[Round "?.4"]
[White "Lobron, E."]
[Black "Meister, P."]
[Result "1-0"]
[WhiteElo "2530"]
[BlackElo "2370"]
[PlyCount "97"]
[EventDate "1987.??.??"]

1. c4 c5 2. Nc3 Nc6 3. Nf3 g6 4. e3 Bg7 5. d4 d6 6. Be2 cxd4 7. exd4 Bg4 8. O-O
Nh6 9. d5 Bxf3 10. Bxf3 Ne5 11. Be2 Rc8 12. Bxh6 Bxh6 13. Qa4+ Qd7 14. Qxa7 O-O
15. b3 Qf5 16. Qd4 Qc2 17. Bd1 Qd3 18. Qxd3 Nxd3 19. Nb5 Bg7 20. Rb1 Nb4 21. a3
Na2 22. Re1 Nc3 23. Nxc3 Bxc3 24. Rxe7 Rce8 25. Re2 Rxe2 26. Bxe2 Ra8 27. a4
Bb4 28. g4 Re8 29. Kf1 g5 30. c5 Bxc5 31. b4 Bd4 32. Rc1 Re7 33. a5 Kg7 34. Rc4
Bb2 35. Bd3 Ba3 36. Bf5 b6 37. axb6 Rb7 38. Rc6 Bxb4 39. Bc8 Rb8 40. b7 Kf6 41.
Rc4 Ba5 42. Ra4 Bc7 43. Re4 h6 44. Ke2 Bb6 45. f3 Bc7 46. Kd3 Bb6 47. Kc4 Kg7
48. Kb5 Bg1 49. Kc6 1-0

[Event "BL 8788 Solingen-Bamberg"]
[Site "?"]
[Date "1987.??.??"]
[Round "?.6"]
[White "Schulte, O."]
[Black "Ruehrig, V."]
[Result "0-1"]
[WhiteElo "2425"]
[BlackElo "2360"]
[PlyCount "72"]
[EventDate "1987.??.??"]

1. d4 Nf6 2. c4 g6 3. Nc3 Bg7 4. e4 O-O 5. Bg5 d6 6. Qd2 c5 7. d5 a6 8. a4 Qa5
9. Ra3 e6 10. f3 exd5 11. cxd5 Re8 12. Nge2 Nbd7 13. Nc1 Ne5 14. Be2 Rb8 15.
O-O c4 16. Be3 Bd7 17. Bd4 Rbc8 18. Kh1 h5 19. h3 Qd8 20. f4 b5 21. axb5 axb5
22. N1a2 Nd3 23. Bxd3 cxd3 24. Qxd3 Rc4 25. e5 Bf5 26. Qd2 dxe5 27. fxe5 Nxd5
28. Nxb5 Qd7 29. Ra5 Be4 30. Qe2 Rxe5 31. Ra8+ Kh7 32. Ra7 Qxh3+ 33. Kg1 Rg5
34. Qxe4 Rxd4 35. Qe2 Rdg4 36. Rf2 Nf4 0-1

[Event "BL 8788 Solingen-Bamberg"]
[Site "?"]
[Date "1987.??.??"]
[Round "?.7"]
[White "Kestler, H."]
[Black "Brunner, L."]
[Result "1/2-1/2"]
[WhiteElo "2385"]
[BlackElo "2440"]
[PlyCount "118"]
[EventDate "1987.??.??"]

1. c4 e5 2. Nc3 Nc6 3. g3 g6 4. Bg2 d6 5. d3 Bg7 6. Nf3 f5 7. O-O Nf6 8. Rb1
O-O 9. b4 a6 10. a4 h6 11. b5 axb5 12. axb5 Ne7 13. Bd2 g5 14. c5 Be6 15. b6 c6
16. cxd6 Qxd6 17. Qc2 f4 18. Na4 Nfd5 19. Nc5 Bc8 20. Rfc1 Nf5 21. g4 Nd4 22.
Nxd4 exd4 23. Bxd5+ Qxd5 24. f3 Re8 25. Ne4 Be6 26. Ra1 Qd8 27. Rxa8 Qxa8 28.
h4 Qd8 29. hxg5 hxg5 30. Kf2 Bd5 31. Rb1 Kf7 32. Bb4 Re6 33. Bc5 Rh6 34. Ke1
Kg6 35. Kd2 Rh2 36. Ba3 Bf8 37. Bxf8 Qxf8 38. Qb2 Bxe4 39. dxe4 Qd6 40. Qb4 c5
41. Qc4 Rh8 42. Rb5 Rc8 43. Rb1 Kg7 44. Rb5 Rc6 45. Qd5 Qe7 46. Rb1 Rc8 47. Rh1
c4 48. Qxd4+ Kg6 49. Qc3 Qc5 50. e5 Rd8+ 51. Ke1 Rd3 52. exd3 Qe3+ 53. Kd1
Qxf3+ 54. Kc2 Qg2+ 55. Qd2 Qxh1 56. dxc4 f3 57. Qd6+ Kg7 58. Qd7+ Kg6 59. Qf5+
Kh6 1/2-1/2

[Event "BL 8788 Solingen-Bamberg"]
[Site "?"]
[Date "1987.??.??"]
[Round "?.8"]
[White "Borngaesser, R."]
[Black "Niedermaier, H."]
[Result "1-0"]
[WhiteElo "2410"]
[BlackElo "2230"]
[PlyCount "107"]
[EventDate "1987.??.??"]

1. c4 e6 2. Nf3 d5 3. b3 Nf6 4. Bb2 Be7 5. g3 O-O 6. Bg2 c5 7. O-O Nc6 8. e3
dxc4 9. bxc4 Qd3 10. Qc1 Rd8 11. Rd1 Nb4 12. a3 Nc6 13. Ne1 Qd7 14. Qc2 b6 15.
Nc3 Bb7 16. d3 Rac8 17. Nf3 h6 18. h3 Ba8 19. Rab1 Bb7 20. Ne1 Ba8 21. f4 e5
22. Nd5 Nxd5 23. cxd5 Na5 24. e4 exf4 25. Qc3 Bf6 26. e5 Bg5 27. h4 f3 28. hxg5
fxg2 29. e6 fxe6 30. dxe6 Qd4+ 31. Qxd4 cxd4 32. gxh6 Rf8 33. Nxg2 Rc2 34. Nf4
g5 35. e7 Re8 36. Nh5 Rxe7 37. Bxd4 Kh7 38. Nf6+ Kg6 39. Rb2 Rxb2 40. Bxb2 Re2
41. h7 Rg2+ 42. Kf1 Rh2 43. Rd2 Rh1+ 44. Ke2 Kg7 45. Ke3 Re1+ 46. Re2 Rxe2+ 47.
Kxe2 Bb7 48. Be5 Nc6 49. d4 Nxe5 50. dxe5 Bc8 51. Ke3 Bf5 52. Kd4 a5 53. Kc4 a4
54. Kb5 1-0

[Event "BL 8788 Kreuzberg-Sindelfingen"]
[Site "?"]
[Date "1987.??.??"]
[Round "?.1"]
[White "Darga, K."]
[Black "Davies, N."]
[Result "1/2-1/2"]
[WhiteElo "2470"]
[BlackElo "2460"]
[PlyCount "29"]
[EventDate "1987.??.??"]

1. d4 d6 2. e4 g6 3. Nc3 Bg7 4. Be3 a6 5. a4 Nf6 6. h3 O-O 7. Nf3 Nc6 8. Be2 e5
9. dxe5 dxe5 10. O-O Be6 11. Ng5 Nd4 12. Nxe6 Nxe6 13. Bc4 Nd4 14. Bg5 h6 15.
Bxf6 1/2-1/2

[Event "BL 8788 Kreuzberg-Sindelfingen"]
[Site "?"]
[Date "1987.??.??"]
[Round "?.2"]
[White "Lehmann, K."]
[Black "Franke, H."]
[Result "1-0"]
[WhiteElo "2315"]
[BlackElo "2350"]
[PlyCount "181"]
[EventDate "1987.??.??"]

1. e4 e6 2. d4 d5 3. Nd2 Nf6 4. e5 Nfd7 5. c3 c5 6. Bd3 Nc6 7. Ne2 cxd4 8. cxd4
f6 9. exf6 Nxf6 10. Nf3 Bd6 11. O-O O-O 12. Bf4 Bxf4 13. Nxf4 Ne4 14. Ne2 Rxf3
15. gxf3 Ng5 16. Kh1 e5 17. dxe5 Nxe5 18. Nd4 Qf6 19. Qb3 Ne6 20. Qxd5 Nxd3 21.
Nxe6 Bxe6 22. Qxd3 Rd8 23. Qc3 Qxc3 24. bxc3 Bd5 25. Rfe1 Bxf3+ 26. Kg1 Rd6 27.
Kf1 Rh6 28. Re8+ Kf7 29. Re3 Bc6 30. Kg1 Rg6+ 31. Rg3 Rd6 32. a3 Kf6 33. Re3 g5
34. Rae1 Rd2 35. R1e2 Rd1+ 36. Re1 Rd2 37. Rc1 Ra2 38. c4 Rd2 39. Kf1 Rd4 40.
Ke2 Rh4 41. h3 h5 42. Rcc3 g4 43. hxg4 hxg4 44. Red3 Rh1 45. Rd2 Bf3+ 46. Kd3
Ke5 47. Kc2 Be4+ 48. Kb2 Rb1+ 49. Ka2 Rf1 50. Kb2 Rb1+ 51. Ka2 Rf1 52. Re3 Kf4
53. Kb3 Bc6 54. Rd4+ Kf5 55. Rd2 Kf4 56. Rc3 a5 57. Kb2 Rh1 58. Rd4+ Kf5 59.
Rc2 a4 60. Re2 Rh2 61. Rd3 Kf4 62. Kc3 Bf3 63. Rb2 Bc6 64. Kb4 Kf5 65. Rbd2 Rh1
66. Rd1 Rh2 67. Rd8 Rh3 68. R1d3 Rh2 69. Rf8+ Kg5 70. Rg3 Bd7 71. Re3 Bc6 72.
Re5+ Kg6 73. Re3 Kg5 74. Kc5 Rh6 75. Re5+ Kh4 76. Ref5 Kh3 77. Rf4 Rg6 78. Rd8
Bf3 79. Kb5 Re6 80. Rd2 Re2 81. Rxe2 Bxe2 82. Kc5 Bf3 83. Kd4 Bc6 84. Ke3 Bd7
85. c5 Bc6 86. Rb4 Kh4 87. Kf4 Kh3 88. Rd4 Kg2 89. Rd2 Bf3 90. Ke3 Bc6 91. f3+
1-0